ARRUPE JESUIT UNIVERSITY

CORONAVIRUS -STOP THE SPREAD - CLEAN,DISINFECT,COVER

Contemporary Francophone African writers and the burden of commitment / (Record no. 118337)

MARC details
000 -LEADER
fixed length control field 01518cam a22003134a 4500
001 - CONTROL NUMBER
control field 16498507
003 - CONTROL NUMBER IDENTIFIER
control field ARRUPE
005 - DATE AND TIME OF LATEST TRANSACTION
control field 20131011135627.0
008 - FIXED-LENGTH DATA ELEMENTS--GENERAL INFORMATION
fixed length control field 101012s2011 vau b 001 0 eng
010 ## - LIBRARY OF CONGRESS CONTROL NUMBER
LC control number 2010042426
020 ## - INTERNATIONAL STANDARD BOOK NUMBER
International Standard Book Number 9780813930954 (cloth : alk. paper)
020 ## - INTERNATIONAL STANDARD BOOK NUMBER
International Standard Book Number 9780813930961 (pbk. : alk. paper)
020 ## - INTERNATIONAL STANDARD BOOK NUMBER
International Standard Book Number 9780813931159 (ebk.)
040 ## - CATALOGING SOURCE
Original cataloging agency DLC
Transcribing agency DLC
Modifying agency DLC
043 ## - GEOGRAPHIC AREA CODE
Geographic area code f------
050 00 - LIBRARY OF CONGRESS CALL NUMBER
Classification number PQ9340
Item number .C39 2011
300 ## - PHYSICAL DESCRIPTION
Dimensions 24 cm.
100 1# - MAIN ENTRY--PERSONAL NAME
Personal name Cazenave, Odile M.
Fuller form of name (Odile Marie),
Dates associated with a name 1961-
9 (RLIN) 2481
245 10 - TITLE STATEMENT
Title Contemporary Francophone African writers and the burden of commitment /
Statement of responsibility, etc Odile Cazenave and Patricia Célérier.
260 ## - PUBLICATION, DISTRIBUTION, ETC. (IMPRINT)
Place of publication, distribution, etc Charlottesville :
Name of publisher, distributor, etc University of Virginia Press,
Date of publication, distribution, etc 2011.
300 ## - PHYSICAL DESCRIPTION
Extent x, 246 p. ;
504 ## - BIBLIOGRAPHY, ETC. NOTE
Bibliography, etc Includes bibliographical references (p. [205]-237) and index.
505 0# - FORMATTED CONTENTS NOTE
Formatted contents note Introduction: the burden of commitment -- Enduring commitments -- The practice of memory -- Lifting the burden? Francophone African writers engaging in new aesthetics -- The fashioning of an engaging literature: the publishing industry, the internet, and criticism -- Conclusion. the possibilities of artistic commitment.
650 #0 - SUBJECT ADDED ENTRY--TOPICAL TERM
Topical term or geographic name as entry element African literature (French)
General subdivision History and criticism.
9 (RLIN) 2482
650 #0 - SUBJECT ADDED ENTRY--TOPICAL TERM
Topical term or geographic name as entry element Politics and literature
Geographic subdivision Africa, French-speaking
General subdivision History
Chronological subdivision 20th century.
9 (RLIN) 2483
700 1# - ADDED ENTRY--PERSONAL NAME
Personal name Célérier, Patricia,
Dates associated with a name 1956-
9 (RLIN) 2484
906 ## - LOCAL DATA ELEMENT F, LDF (RLIN)
a 7
b cbc
c orignew
d 1
e ecip
f 20
g y-gencatlg
942 ## - ADDED ENTRY ELEMENTS (KOHA)
Source of classification or shelving scheme Library of Congress Classification
Koha item type Monograph ( Printed materials)
Holdings
Withdrawn status Lost status Source of classification or shelving scheme Damaged status Not for loan Collection code Home library Current library Shelving location Date acquired Total Checkouts Full call number Barcode Date last seen Price effective from Koha item type
    Library of Congress Classification     Main Collection ARRUPE LIBRARY ARRUPE LIBRARY Main Collection 11/10/2013   PQ9340 .C39 2011 46410999 11/10/2013 11/10/2013 Monograph ( Printed materials)

 

Arrupe Library. PO Box MP320 Mt Pleasant, Harare, Zimbabwe
263 242 745411|librarian@aju.ac.zw